| 000 | 00700nam a22002297a 4500 | ||
|---|---|---|---|
| 003 | OSt | ||
| 005 | 20250716030246.0 | ||
| 008 | 250716b |||||||| |||| 00| 0 eng d | ||
| 020 | _a0446386258 | ||
| 040 |
_aDWCL - Main lib _cOC |
||
| 082 | _aCirc. 569.9 J65l 1981 | ||
| 100 | _aJohanson, Donald C. | ||
| 245 |
_aLucy : _bthe beginnings of human kind/ _cDonald C. Johanson |
||
| 260 |
_aNew York, N.Y : _b Simon and Schuster _c c1981. |
||
| 300 |
_a409 pages ; _c21 cm. |
||
| 504 | _aIncludes index. | ||
| 650 | _a1. Australopithecus Afarensis. | ||
| 650 | _a2. Fossil man-- Africa.. | ||
| 650 | _a3. Fossil man-- Ethiopia. | ||
| 700 | _aMaitland A. Edey | ||
| 942 |
_2ddc _cBK-CIRC _kCirc. _n0 |
||
| 999 |
_c3700 _d3700 |
||